Emmanuelle nella casa di lesbo /
Enregistré dans:
| Auteur principal: | |
|---|---|
| Format: | Livre |
| Langue: | italien |
| Publié: |
Nice :
Le livre rare,
1968
|
| Tags: |
Pas de tags, Soyez le premier à ajouter un tag!
|
MARC
| LEADER | 00000nam a22000007i 4500 | ||
|---|---|---|---|
| 001 | IT\ICCU\UBO\2780543 | ||
| 003 | ItRI | ||
| 005 | 20260115232243.0 | ||
| 008 | 050721s1968 fr |||||| ||||| |||||c | ||
| 040 | |b ita |c importazione bologna sebina | ||
| 041 | 7 | |a ita |2 ISO-639-2 | |
| 100 | 1 | |a Laurent, Deborath |0 IT\ICCU\UBOV\988986 |4 aut | |
| 245 | 1 | 0 | |a Emmanuelle nella casa di lesbo / |c Deborath Laurent. |
| 260 | |a Nice : |b Le livre rare, |c 1968 | ||
| 300 | |a 280 p. ; |c 22 cm. | ||
| 942 | |2 ddc |c BK |n 0 | ||
| 952 | |0 0 |1 0 |4 0 |6 L_843_914000000000000_LAU |7 0 |9 23009 |a BO |b BO |d 2026-01-15 |i 2622 |l 0 |o L 843.914 LAU |p BO2622 |r 2026-01-15 23:22:43 |w 2026-01-15 |x [Sebina 7] [1 v.] |y BK |z 1 v. | ||
| 999 | |c 19625 |d 19625 | ||